La economía aragonesa, a estudio / (Record no. 58898)

MARC details
000 -LEADER
campo de control de longitud fija 00588nam a2200169 i 4500
001 - NÚMERO DE CONTROL
campo de control 58898
003 - IDENTIFICADOR DE NÚMERO DE CONTROL
campo de control ES-MaACL
005 - FECHA Y HORA DE LA ÚLTIMA TRANSACCIÓN
campo de control 20230906163921.0
007 - CAMPO FIJO DE DESCRIPCIÓN FÍSICA--INFORMACIÓN GENERAL
campo de control de longitud fija t|
008 - DATOS DE LONGITUD FIJA--INFORMACIÓN GENERAL
campo de control de longitud fija 031024s1973 sp ||||1| spa d
245 03 - MENCIÓN DEL TÍTULO
Título La economía aragonesa, a estudio /
Mención de responsabilidad, etc. prólogo de Antonio Bruned Monspeón ; edición a cargo de Juan Domínguez Lasierra.
260 ## - PUBLICACIÓN, DISTRIBUCIÓN, ETC.
Lugar de publicación, distribución, etc. Zaragoza :
Nombre del editor, distribuidor, etc. Heraldo de Aragón,
Fecha de publicación, distribución, etc. 1973.
300 ## - DESCRIPCIÓN FÍSICA
Extensión 246 p., 1 gráf. pleg. :
Otras características físicas il. ;
Dimensiones 24 cm.
700 1# - ENTRADA AGREGADA--NOMBRE PERSONAL
Nombre de persona Bruned Mompeón, Antonio.
9 (RLIN) 32151
700 1# - ENTRADA AGREGADA--NOMBRE PERSONAL
Nombre de persona Domínguez Lasierra, Juan.
9 (RLIN) 45223
852 ## - LOCALIZACIÓN
Ubicación ES-MaACL
Número de control de estantería C-56253
Sublocalización o colección R.88730
Holdings
Estatus retirado Estado de pérdida Estado de daño No para préstamo Biblioteca de origen Biblioteca actual Ubicación en estantería Fecha de adquisición Fuente de adquisición Total de préstamos Signatura topográfica completa Código de barras Visto por última vez Precio de reemplazo Tipo de ítem Koha
        Biblioteca del Ateneo de Madrid Biblioteca del Ateneo de Madrid Depósito 2 17/01/2008     C-56253 1061785 23/02/2023 23/02/2023 Libro impreso